Giáo trình sinh hóa

Nội dung sách giới thiệu cấu tạo, tính chất, chức năng của các chất, tham gia vào thành phần cấu tạo của tế bào. Các quá trình chuyển hóa chủ yếu của các chất trong cơ thể sống.

Tallennettuna:
Bibliografiset tiedot
Päätekijä: Phạm, Thu Cúc
Aineistotyyppi: Kirja
Kieli:Undetermined
Julkaistu: Cần Thơ Trường Đại học Cần Thơ - Khoa Nông nghiệp 1996
Aiheet:
Tagit: Lisää tagi
Ei tageja, Lisää ensimmäinen tagi!
Thư viện lưu trữ: Trung tâm Học liệu Trường Đại học Cần Thơ
LEADER 00895nam a2200217Ia 4500
001 CTU_25198
008 210402s9999 xx 000 0 und d
082 |a 577.14 
082 |b C506/P.1 
100 |a Phạm, Thu Cúc 
245 0 |a Giáo trình sinh hóa 
245 0 |c Phạm Thu Cúc 
260 |a Cần Thơ 
260 |b Trường Đại học Cần Thơ - Khoa Nông nghiệp 
260 |c 1996 
520 |a Nội dung sách giới thiệu cấu tạo, tính chất, chức năng của các chất, tham gia vào thành phần cấu tạo của tế bào. Các quá trình chuyển hóa chủ yếu của các chất trong cơ thể sống. 
526 |a Sinh hóa B 
526 |b NN123 
650 |a Biochemistry 
904 |i Nguyễn Quang Điền, QHieu 
980 |a Trung tâm Học liệu Trường Đại học Cần Thơ